| 000 | 00557nam a2200241Ia 4500 | ||
|---|---|---|---|
| 003 | 0100 | ||
| 008 | 130303s9999 xx 000 0 und d | ||
| 020 | _a0872201139 | ||
| 040 | _cARRUPELIB | ||
| 050 | _aBJ1533.F8O44 1991 | ||
| 245 | _aOther selves | ||
| 245 | _bphilosophers on friendship | ||
| 260 | _aIndianapolis | ||
| 260 | _bHackett Publishing Company | ||
| 260 | _C1991 | ||
| 300 | _axiv | ||
| 300 | _b 273p. 21cm. | ||
| 650 | _aETHICS | ||
| 650 | _bEthics | ||
| 650 | _cPsychology | ||
| 700 | _aPakaluk, Michael ed. | ||
| 942 | 0 | 0 | _02 |
| 999 |
_c20279 _d20279 |
||